SWINE IN THE LABORATORY SURGERY, ANESTHESIA, IMAGING AND EXPERIMENTAL TECHNIQUES (Registro nro. 56005)
[ vista simple ]
| 000 -LEADER | |
|---|---|
| fixed length control field | 01069nam a2200193 a 4500 |
| 001 - CONTROL NUMBER | |
| control field | 56005 |
| 005 - DATE AND TIME OF LATEST TRANSACTION | |
| control field | 20180714051550.0 |
| 008 - FIXED-LENGTH DATA ELEMENTS--GENERAL INFORMATION | |
| fixed length control field | 140415s2007 xxu 000 0 eng d |
| 020 ## - INTERNATIONAL STANDARD BOOK NUMBER | |
| International Standard Book Number | 0849392780 |
| 041 ## - LANGUAGE CODE | |
| Language code of text/sound track or separate title | eng |
| 082 ## - DEWEY DECIMAL CLASSIFICATION NUMBER | |
| Classification number | 617.00724 |
| Item number | SWI |
| 100 1# - MAIN ENTRY--PERSONAL NAME | |
| Personal name | SWINDLE, M. MICHAEL |
| 245 10 - TITLE STATEMENT | |
| Title | SWINE IN THE LABORATORY SURGERY, ANESTHESIA, IMAGING AND EXPERIMENTAL TECHNIQUES |
| 250 ## - EDITION STATEMENT | |
| Edition statement | 1a ed. |
| 260 ## - PUBLICATION, DISTRIBUTION, ETC. | |
| Place of publication, distribution, etc. | ESTADOS UNIDOS DE AMERICA : |
| Name of publisher, distributor, etc. | TAYLOR AND FRANCIS GROUP, |
| Date of publication, distribution, etc. | 2007 |
| 300 ## - PHYSICAL DESCRIPTION | |
| Extent | 492 |
| Dimensions | 18.2 x 2.5 x 26.3 |
| 520 ## - SUMMARY, ETC. | |
| Summary, etc. | TO DIMINISH THE LEARNING CURVE ASSOCIATED WITH USING SWINE AS MODELS, SWINE IN THE LABORATORY: SURGERY, ANESTHESIA,IMAGING AND EXPERIMENTAL TECHNIQUES,SECOND EDITION PROVIDES PRACTICAL TECHNICAL INFORMATION FOR THE USE OF SWINE IN BIOMEDICAL RESEARCH. THIS DEFINITIVE BOOK FOCUSES ON MODELS PRODUCED BY SURGICAL AND OTHER INVASIVE PROCEDURES, SUPPLYING THE BASIC PRINCIPLES FOR PERFORMING EXPERIMENTS WITH AN ORGAN OR SYSTEM OF INTEREST. |
| 650 14 - SUBJECT ADDED ENTRY--TOPICAL TERM | |
| Topical term or geographic name entry element | CIRUGIA EXPERIMENTAL |
| General subdivision | MANUAL |
| -- | ANESTESIA EN VETERINARIA |
| -- | PORCINA |
| -- | CIRUGIA |
| Withdrawn status | Lost status | Source of classification or shelving scheme | Damaged status | Not for loan | Collection code | Home library | Current library | Shelving location | Date acquired | Source of acquisition | Inventory number | Total Checkouts | Full call number | Barcode | Date last seen | Date last checked out | Price effective from | Koha item type |
|---|---|---|---|---|---|---|---|---|---|---|---|---|---|---|---|---|---|---|
| Dewey Decimal Classification | General | Biblioteca Karol Wojtyla | Biblioteca Karol Wojtyla | Sala general | 03/12/2013 | Compra | 151000000000000000019259 | 617.00724 SWI | 84204 | 05/01/2026 | 26/09/2016 | 03/12/2013 | Libro | |||||
| Dewey Decimal Classification | General | Biblioteca Karol Wojtyla | Biblioteca Karol Wojtyla | Sala general | 03/12/2013 | Compra | 151000000000000000019260 | 617.00724 SWI | 84203 | 05/01/2026 | 30/09/2014 | 03/12/2013 | Libro |